Datum a čas kvízu
28.5
Celkem bodů
Celkový počet nahraných bodů na tomto kvízu bez doplňovacích otázek.
4.
Pořadí na kvízu
Konečné umístění týmu na tomto kvízu.
Zaznamenané odpovědi
| # | Otázka | Odpověď | Body | Výsledky |
|---|---|---|---|---|
| 1. | Jistý poslanec za SPD minulý t... | Radek Koten | 0 | |
| 2. | Minulý týden se stala hitem so... | Slovensko, ministerstvo kultury | 1 | |
| 3. | Minulý týden zemřel kreslíř Pa... | Respekt | 1 | |
| 4. | Tradiční český výrobce klavírů... | Petrof | 1 | |
| 5. | Martina Sáblíková obhájila na... | 33. medaile (uznáváme 30–36) | 1 | |
| 6. | Obec s nejdelším názvem v Česk... | A | 1 | |
| 7. | Česká republika se dělí na 14... | Karlovy Vary, Jihlava | 1 | |
| 8. | Nejvýše položená železniční st... | Kubova | 1 | |
| 9. | V této otázce bude potřeba k z... | 1D 2C 3A 4B | 0 | |
| 10. | V České republice jsou čtyři ú... | Krkonošský NP | 1 |